Sedm princezen = Heft pejker [arab.] /

Hlavní autor: Nizámí, Iljás, asi 1141-1209
Další autoři: Rypka, Jan, 1886-1968
Jazyk: Čeština
Vydáno: V Praze : Vydavatelstvo Družstevní práce, 1943
Vydání: 1. vyd.
Edice: Nesmrtelní (Družstevní práce)
Externí odkaz: Digitalizovaný dokument
Fyzický popis: 253, [II] s. : [XVI] barev. obr. příl. ; 8°
Knihy
Uloženo v:
LEADER 01451nam a22003132a 4500
001 001510576
003 CZ BrMZK
005 20160211082418.0
007 ta
008 160211s1943 xr af er|||||||||||cze d
015 |a cnb000761110 
020 |q (Brož.) 
035 |a (OCoLC)85674550 
040 |a ABA001  |b cze  |c PNA001  |d ABA001 
041 1 |a cze  |h per 
100 1 |a Nizámí, Iljás,  |d asi 1141-1209  |7 jn19990210463  |4 aut 
245 1 0 |a Sedm princezen =  |b Heft pejker [arab.] /  |c Abú Muhammed Iljás ben Júsuf Nizámí ; [přeložil z perského originálu a doslov napsal Jan Rypka s kruhem básnických spolupracovníků ; 16 původními kamenorytinami se sedmibarevnou litografií na zvláštních přílohách a 8 kresbami vyzdobil Václav Fiala, který navrhl též obálku, vazbu a předsádku] 
250 |a 1. vyd. 
260 |a V Praze :  |b Vydavatelstvo Družstevní práce,  |c 1943 
300 |a 253, [II] s. :  |b [XVI] barev. obr. příl. ;  |c 8° 
490 1 |a Nesmrtelní ;  |v sv. 30 
500 |a V typografické úpravě M. Kalába 
700 1 |a Rypka, Jan,  |d 1886-1968  |7 jk01103365  |4 trl  |4 wfw 
830 0 |a Nesmrtelní (Družstevní práce)  |0 s 
856 4 1 |u http://www.digitalniknihovna.cz/mzk/uuid/uuid:55f7cdb0-d403-11e2-8c80-005056827e52  |y Digitalizovaný dokument  |x NDK 
910 |a BOA001  |b 2-0123.535,30 
990 |a BK 
991 |b 201602 
996 6 |b 2619113319  |c 2-0123.535,30  |l MZK  |r Sklad / do 24 hodin  |n 0  |w 001545725  |u 000010  |a 1  |e BOA001  |j MZK50  |s P